Online Catalogue and eLibrary

The riddle of the sphinx (Record no. 3439)

MARC details
000 -LEADER
fixed length control field 00358nam a2200145Ia 4500
005 - DATE AND TIME OF LATEST TRANSACTION
control field 20250116015222.0
008 - FIXED-LENGTH DATA ELEMENTS--GENERAL INFORMATION
fixed length control field 240331s9999 xx 000 0 und d
082 ## - DDC Classification
Item Number - Author Mark PER
Class No. 932
100 ## - MAIN ENTRY--PERSONAL NAME
Personal name Peris, M
245 #4 - TITLE STATEMENT
Title The riddle of the sphinx
260 ## - PUBLICATION, DISTRIBUTION, ETC.
Place of publication, distribution, etc. Colombo
Name of publisher, distributor, etc. University of Ceylon Review
Date of publication, distribution, etc. 1967
300 ## - PHYSICAL DESCRIPTION
Extent (e.g. Volumes, Pages etc.) 127 P .,
500 ## - GENERAL NOTE
General note A short story
942 ## - Koha item type (Biblio)
Koha item type Books in Stacks (Lending)
Holdings
Lost status Damaged status Collection code Home library Current library Shelving location Date acquired Full call number Accession Number Item type
    Lending WERC Library WERC Library Social Science Cupboard 03/31/2024 932.01 PER 754 Books in Stacks (Lending)

© WERC Library